Advanced engineering mathematics / (Record no. 31526)

000 -LEADER
fixed length control field 00529 a2200193 4500
003 - CONTROL NUMBER IDENTIFIER
control field NUST
005 - DATE AND TIME OF LATEST TRANSACTION
control field 20220112144556.0
008 - FIXED-LENGTH DATA ELEMENTS--GENERAL INFORMATION
fixed length control field 210302b ||||| |||| 00| 0 eng d
020 ## - INTERNATIONAL STANDARD BOOK NUMBER
International Standard Book Number 047133328-X
038 ## - RECORD CONTENT LICENSOR
Staff Name khadija
082 ## - DEWEY DECIMAL CLASSIFICATION NUMBER
Classification number 510.2462
Author Mark KRE
Edition number KRE
100 1# - MAIN ENTRY--PERSONAL NAME
Personal name Kreyszig, Erwin.
9 (RLIN) 572
245 10 - TITLE STATEMENT
Title Advanced engineering mathematics /
Statement of responsibility, etc. Erwin Kreyszig.
250 ## - EDITION STATEMENT
Edition statement 8th Edition
260 ## - PUBLICATION, DISTRIBUTION, ETC.
Place of publication, distribution, etc. [S.l.] :
Name of publisher, distributor, etc. John Wiley & Sons
Date of publication, distribution, etc. 1999.
300 ## - PHYSICAL DESCRIPTION
Extent 1156 p. ;
Dimensions 26 cm.
563 ## - BINDING INFORMATION
Binding note paperback
942 ## - ADDED ENTRY ELEMENTS (KOHA)
Institution code [OBSOLETE] SNS
Koha item type Book
Call number prefix 620.0042 KRE
Source of classification or shelving scheme
Holdings
Withdrawn status Lost status Source of classification or shelving scheme Damaged status Not for loan Permanent Location Current Location Shelving location Date acquired Total Checkouts Total Renewals Full call number Barcode Date last seen Date last checked out Price effective from Koha item type
          School of Mechanical & Manufacturing Engineering (SMME) School of Mechanical & Manufacturing Engineering (SMME) Text Books 06/25/2015 3 2 510.2462 KRE SMME-38 01/15/2025 02/14/2024 06/25/2015 Book
© 2023 Central Library, National University of Sciences and Technology. All Rights Reserved.